MARC details
| 000 -LEADER |
| fixed length control field |
01050cab a2200193 4500 |
| 001 - CONTROL NUMBER |
| control field |
##L133973 |
| 008 - FIXED-LENGTH DATA ELEMENTS--GENERAL INFORMATION |
| fixed length control field |
060626n2006 000 0 eng u |
| 035 ## - SYSTEM CONTROL NUMBER |
| System control number |
(Sirsi) u133973 |
| 041 0# - LANGUAGE CODE |
| Language code of text/sound track or separate title |
eng |
| 245 00 - TITLE STATEMENT |
| Title |
Key data |
| Remainder of title |
occupiers |
| 260 ## - PUBLICATION, DISTRIBUTION, ETC. |
| Date of publication, distribution, etc. |
2006 |
| 490 #0 - SERIES STATEMENT |
| Series statement |
EuroProperty |
| Volume/sequential designation |
June 2006, 55(1) |
| 520 ## - SUMMARY, ETC. |
| Summary, etc. |
Reports on research from CB Richard Ellis showing how Dublin's transport masterplan will transform its occupier market, and provides data from Jones Lang LaSalle on European warehousing. Dublin is investing in major transport infrastructure development, which will shift the central business district to encompass the entire Docklands area, and encourage new development locations in greater Dublin. The European warehouse leasing market was steady, with central and eastern Europe showing the biggest demand rises. Table shows prime European rents and yields for first quarter 2006. |
| 590 ## - LOCAL NOTE (RLIN) |
| Local note |
IKA040706 |
| 651 #4 - SUBJECT ADDED ENTRY--GEOGRAPHIC NAME |
| Geographic name |
DUBLIN |
| 651 #4 - SUBJECT ADDED ENTRY--GEOGRAPHIC NAME |
| Geographic name |
EUROPEAN |
| 690 ## - LOCAL SUBJECT ADDED ENTRY--TOPICAL TERM (OCLC, RLIN) |
| Topical term or geographic name as entry element |
PROPERTY-COMMERCIAL PROPERTY-COMMERCIAL PROPERTY MARKET |
| 942 ## - ADDED ENTRY ELEMENTS (KOHA) |
| Suppress in OPAC |
0 |